Statistics for Flags of Europe in 1812

Click here to take the quiz!

General Stats

  • This quiz has been taken 70 times
    (58 since last reset)
  • The average score is 14 of 18

Answer Stats

Answer% Correct
Denmark-Norway
100%
First French Empire
100%
Great Britain
100%
Russian Empire
100%
Kingdom of Sweden
98%
Ottoman Empire
98%
Empire of Austria
96%
Kingdom of Portugal
96%
Duchy of Warsaw
93%
Swiss Confederation
93%
Kingdom of Prussia
87%
Kingdom of Spain
87%
Kingdom of Sardinia
59%
Napoleonic Kingdom of Italy
57%
Confederation of the Rhine
52%
Kingdom of Sicily
52%
Kingdom of Naples
33%
Duchy of Holstein
20%

Score Distribution

Percentile by Number Answered

Percent of People with Each Score

Your Score History

You have not taken this quiz since the last reset